Innovation and Transition in Law Experiences and Theoretical Settings /

Detalles Bibliográficos
Autor principal: Meccarelli, Massimo
Otros Autores: Paixô, Cristiano, Roesler, Claudia
Formato: eBook
Lenguaje:inglés
Publicado: Madrid: Dykinson, 2020
Materias:
Acceso en línea:Acceso restringido

MARC

LEADER 00000nam a22000007a 4500
005 20210520223731.0
007 cr|||| ||||
008 210520s2020 es |||||s|||| 00||0 eng d
020 |a 978 84-1377-309-4 
035 |a 33713 
040 |a vLex 
090 |c 11752  |d 11752 
100 1 |a Meccarelli, Massimo 
245 1 0 |a Innovation and Transition in Law  |h [Recurso electrn̤ico] :  |b Experiences and Theoretical Settings /  |c Massimo Meccarelli, Cristiano Paixô, Claudia Roesler 
256 |a Servicio en ln̕ea 
260 |a Madrid:  |b Dykinson,  |c 2020 
300 |a 1 recurso electrn̤ico 
500 |a This book features a discussion on the modernisation of law and legal change, focusing on the key concepts of "innovation" and "transition". These concepts both appear to be relevant and poorly defined in contemporary legal science. A critical reflection on the heuristic value of these categories seems appropriate, particularly considering their dyadic value. While innovation is increasingly appearing in the present day as being the category in which one looks at the modernisation of law, the concept of transition also seems to be the privileged place of occurrence for such dynamics. This group of Italian and Brazilian scholars contributing to this volume intends to investigate such problems through an interdisciplinary prism. It includes points of view both internal to legal studies - such as the history of law, theory of law, constitutional law, private law and commercial law - and external, such as political philosophy and history of justice and political institutions. 
506 1 |a Disponible solo en los productos indicados  |d vLex Global  |d vLex Global (Academic Edition, excluding Law Schools)  |d vLex Global (U.S. Academic Edition, Law Schools)  |d vLex Global (U.S. Academic Edition, excluding Law Schools)  |d vLex Global (Academic Edition, Law Schools) 
650 0 4 |a Derecho Militar  |z Espaą 
700 1 |a Paixô, Cristiano 
700 1 |a Roesler, Claudia 
740 0 |a vLex Libros (Servicio en ln̕ea) 
856 4 0 |u https://vlex.com/source/innovation-and-transition-in-law-experiences-and-theoretical-settings-33713  |z Acceso restringido 
942 |c BOOK 
999 0 |a Military Law